| 000 | 00347nam a22001457a 4500 | ||
|---|---|---|---|
| 020 | _qHB. | ||
| 040 | _cFIZZA ISHAQ | ||
| 082 |
_a003.54 _bTHO |
||
| 100 |
_aCOVER, M. THOMAS. _987484 |
||
| 245 |
_aELEMENTS OF INFORMATION / _cTHOMAS M. COVER. |
||
| 250 | _a2nd ED. | ||
| 260 |
_aCANADA : _bWILEY, _c2006. |
||
| 300 | _a748 P. ; | ||
| 942 |
_2ddc _cBK |
||
| 999 |
_c587520 _d587520 |
||